Statistiques concernant Pays avec le plus de précipitations

Cliquez ici pour prendre le quiz!

Statistiques générales

  • Ce quiz a été pris 108 fois
  • Le résultat moyen est 15 sur 20

Statistiques - réponses

km3 / anPays% Correct
14 995Brésil
95%
6 192Chine
92%
7 030Etats-Unis
91%
3 560Inde
91%
5 362Canada
89%
7 865Russie
89%
1 643Argentine
86%
3 699Colombie
86%
5 170Indonésie
86%
2 234Pérou
85%
1 151Chili
82%
1 489Mexique
77%
1 864Venezuela
76%
4 134Australie
73%
1 259Bolivie
73%
3 618R.D. Congo
64%
1 415Birmanie
41%
1 062Nigeria
35%
1 454Papouasie Nouvelle Guinée
35%
1 259Angola
31%

Distribution des résultats

Percentile par nombre de réponses

% des personnes avec chaque résultat

Votre développement - résultats

Vous n’avez pas pris ce quiz